|
|
|
|
| LEADER |
01188nam a2200277 a 4500 |
| 001 |
15910 |
| 003 |
BD-DhAAL |
| 008 |
100325s2003 enka 001 0 eng d |
| 999 |
|
|
|c 7876
|d 7876
|
| 020 |
|
|
|a 019431197x
|
| 020 |
|
|
|a 0194311988
|
| 040 |
|
|
|a DLC
|c DLC
|d DLC
|d BD-DhAAL
|
| 082 |
0 |
0 |
|a 428.2
|2 22
|
| 100 |
1 |
|
|a Swan, Michael.
|9 46326
|
| 245 |
1 |
0 |
|a Practical English usage /
|c Michael Swan.
|
| 250 |
|
|
|a Fifth impression.
|
| 260 |
|
|
|a Oxford ;
|a New York :
|b Oxford University Press,
|c 2003.
|
| 300 |
|
|
|a l, 658 pages ;
|a xxx, 654 pages :
|b illustrations ;
|c 24 cm.
|
| 500 |
|
|
|a Includes index.
|
| 526 |
|
|
|a BIED
|
| 541 |
1 |
|
|a Complimentary copy from BIED
|e 15910, 37888
|
| 650 |
|
0 |
|a English language
|x Usage.
|9 46327
|
| 852 |
4 |
|
|a Ayesha Abed Library
|c General Stacks
|
| 942 |
|
|
|2 ddc
|c BK
|
| 952 |
|
|
|0 0
|1 0
|2 ddc
|4 0
|6 428_200000000000000_SWA_2003
|7 0
|9 8807
|a BRACUL
|b BRACUL
|c GEN
|d 2010-03-25
|l 9
|m 53
|o 428.2 SWA
|p 3010015910
|r 2026-05-10
|s 2026-04-26
|t 1
|w 2010-03-25
|y BK
|
| 952 |
|
|
|0 0
|1 0
|2 ddc
|4 0
|6 428_200000000000000_SWA
|7 0
|9 69963
|a BRACUL
|b BRACUL
|c GEN
|d 2022-03-02
|e Complimentary copy from BIED
|l 1
|m 1
|o 428.2 SWA
|p 3010037888
|r 2025-08-18
|s 2025-08-04
|t 2
|w 2022-03-02
|y BK
|x Transferred from BIED to General Stacks
|